| 000 | 01733nam0a2200373 4500 | ||
|---|---|---|---|
| 001 | RU\NLR\BIBL_A\010655077 | ||
| 005 | 20260407171626.0 | ||
| 010 | _a978-5-85474-079-1 | ||
| 035 | _a(NLR Aleph) 010655077 | ||
| 090 |
_a10722705 _c10722705 |
||
| 100 | _a20150129d2008 |||y0rusy50 ca | ||
| 101 | 0 | _arus | |
| 102 | _aRU | ||
| 105 | _aach z 000yy | ||
| 200 | 1 |
_aСобор Святой Софии в Великом Новгороде _f[Царевская Т.Ю.] |
|
| 210 |
_aСанкт-Петербург _c[б.и.] _d2008 |
||
| 215 |
_a71, [1] с. _cил., цв. ил., портр., факс. _d23 |
||
| 300 | _aАвт. указан в вып. дан. в макете | ||
| 320 | _aБиблиогр. в конце кн. | ||
| 601 | 0 | 2 |
_aСофийский собор _cВеликий Новгород, город _xАрхитектура _92227387 _3RU\NLR\AUTH\6601569840 |
| 601 | 0 | 2 |
_aСофийский собор _cВеликий Новгород, город _xИконостас _92092095 _3RU\NLR\AUTH\661569728 |
| 601 | 0 | 2 |
_aСофийский собор _cВеликий Новгород, город _91217090 _3RU\NLR\AUTH\66176458 |
| 606 | 1 |
_aИконопись русская _92067940 _3RU\NLR\AUTH\661242561 |
|
| 686 | 1 | _aЭ372.24-655 | |
| 686 | 1 | _aЩ113(2Р=Рус)3 | |
| 686 | 1 | _aЩ143(2Р=Рус)3-465.6 | |
| 686 | 1 | _aЩ143(2Р=Рус)-465.6 | |
| 700 | 1 |
_8rus _7ca _aЦаревская _bТ. Ю. _gТатьяна Юрьевна _3RU\NLR\AUTH\7786410 _969338 |
|
| 712 | 0 | 2 |
_4570 _aСофийский собор _cВеликий Новгород _3RU\NLR\AUTH\8810107997 _9716175 |
| 942 | _cBOOK | ||
| 980 | _aNB | ||